<?xml version="1.0" encoding="UTF-8"?><?xml-stylesheet type="text/xsl" href="static/style.xsl"?><OAI-PMH xmlns="http://www.openarchives.org/OAI/2.0/" xmlns:xsi="http://www.w3.org/2001/XMLSchema-instance" xsi:schemaLocation="http://www.openarchives.org/OAI/2.0/ http://www.openarchives.org/OAI/2.0/OAI-PMH.xsd"><responseDate>2026-04-17T14:36:52Z</responseDate><request verb="GetRecord" identifier="oai:www.recercat.cat:10230/44675" metadataPrefix="marc">https://recercat.cat/oai/request</request><GetRecord><record><header><identifier>oai:recercat.cat:10230/44675</identifier><datestamp>2025-12-13T20:51:52Z</datestamp><setSpec>com_2072_6</setSpec><setSpec>col_2072_452954</setSpec></header><metadata><record xmlns="http://www.loc.gov/MARC21/slim" xmlns:dcterms="http://purl.org/dc/terms/" xmlns:xsi="http://www.w3.org/2001/XMLSchema-instance" xmlns:doc="http://www.lyncode.com/xoai" xsi:schemaLocation="http://www.loc.gov/MARC21/slim http://www.loc.gov/standards/marcxml/schema/MARC21slim.xsd">
   <leader>00925njm 22002777a 4500</leader>
   <datafield ind2=" " ind1=" " tag="042">
      <subfield code="a">dc</subfield>
   </datafield>
   <datafield ind2=" " ind1=" " tag="720">
      <subfield code="a">Rodríguez Martín, Raquel</subfield>
      <subfield code="e">author</subfield>
   </datafield>
   <datafield ind2=" " ind1=" " tag="260">
      <subfield code="c">2020-05-25T09:07:40Z</subfield>
   </datafield>
   <datafield ind2=" " ind1=" " tag="260">
      <subfield code="c">2020-05-25T09:07:40Z</subfield>
   </datafield>
   <datafield ind2=" " ind1=" " tag="260">
      <subfield code="c">2018</subfield>
   </datafield>
   <datafield ind2=" " ind1=" " tag="520">
      <subfield code="a">Treball de fi de grau en Biomèdica</subfield>
   </datafield>
   <datafield ind2=" " ind1=" " tag="520">
      <subfield code="a">Tutor: Karim Lekadir</subfield>
   </datafield>
   <datafield ind2=" " ind1=" " tag="520">
      <subfield code="a">Predictive modeling of bone fractures at the hip using DXA images is an important&#xd;
research field due to the capability of this imaging modality to capture osteoporosis&#xd;
related changes in the bone tissues. There exist many available techniques providing&#xd;
fracture risk assessment, such as bone mineral density measurements and biomechanical&#xd;
models. However, these methods do not use the wealth of information provided by the&#xd;
DXA scans and thus lack the accuracy to enable their translation to clinical practice.&#xd;
In this study, a radiomics and machine learning approach is proposed for a more&#xd;
comprehensive predictive modelling of femur fracture using DXA. Our main hypothesis&#xd;
is that integrating heterogeneous and complex characteristics of the bone tissue through&#xd;
radiomics at both the global and local scales will lead to improved prediction of fracture&#xd;
risk. In the proposed technique, the optimal radiomics indices of different types (shape,&#xd;
intensity and texture based) are selected using feature selection methods to identify the&#xd;
most relevant ones for discriminating low-risk and high-risk cases. Furthermore,&#xd;
advanced machine learning is applied to integrate the selected radiomics features into a&#xd;
unified risk classification model based on different learning models (Support Vector&#xd;
Machines, Decision Tree and Random Forest).&#xd;
The proposed predictive model was validated using 63 cases including to patients with&#xd;
and without femur fracture. In this preliminary study, all cases were correctly classified&#xd;
using the proposed model, indicating great potential of radiomics-based classification for&#xd;
predicting fractures of the femur.</subfield>
   </datafield>
   <datafield tag="653" ind2=" " ind1=" ">
      <subfield code="a">Radiomics features</subfield>
   </datafield>
   <datafield tag="653" ind2=" " ind1=" ">
      <subfield code="a">Classification model</subfield>
   </datafield>
   <datafield tag="653" ind2=" " ind1=" ">
      <subfield code="a">Hip fracture</subfield>
   </datafield>
   <datafield ind2="0" ind1="0" tag="245">
      <subfield code="a">Predictive modelling of femur fracture from DXA scans using radiomics and machine learning</subfield>
   </datafield>
</record></metadata></record></GetRecord></OAI-PMH>